Statistics for Irish Verbs 2

Click here to take the quiz!

General Stats

  • This quiz has been taken 8 times
  • The average score is 9 of 23

Answer Stats

HintAnswer% Correct
UseÚsáid
80%
SellDíol
60%
Get upÉirigh
60%
FeelMothaigh
60%
OpenOscail
60%
UnderstandTuig
60%
UniteAontaigh
40%
WinBuaigh
40%
TurnCas
40%
CreidCreid
40%
RememberCuimhnigh
40%
GrowFás
40%
CallGlaoigh
40%
PayÍoc
40%
LetLig
40%
ExplainMinigh
40%
WorkOibrigh
40%
SelectRoghnaigh
40%
StopStad
40%
MoveBog
20%
TieCeangail
20%
RecogniseAithin
0%
SleepCordail
0%

Score Distribution

Percentile by Number Answered

Percent of People with Each Score

Your Score History

You have not taken this quiz